000 00892cam a22002894a 4500
003 UPN
005 20240316063924.0
008 090216s2007 mx r 000 0 spa d
020 _a9707707348 (10 dígitos)
020 _a9789707707344 (13 dígitos)
035 _aUPN01000169316
040 _aUPN
_bspa
_cUPN
049 _aCG
050 4 _aBF637 S8
_bG43
100 1 _aGladwell, Malcolm,
_d1963-
_930523
245 1 3 _aLa clave del éxito /
_cMalcolm Gladwell ; traducción de Inés Belaustegui.
250 _aPrimera edición
260 _aMéxico :
_bTaurus,
_c2007.
300 _a331 páginas
534 _pTitulo original:
_tThe tipping point : how little things can make a big difference
650 4 _aÉxito
_97041
650 4 _aPersonas exitosas
_916843
700 1 _aBelaustegui, Inés
_etraductora
_946303
905 _aLibro
942 _2lcc
_cLIBRO
999 _c141422
_d141422